书目信息 |
| 题名: |
新时代交大名师
|
|
| 作者: | ;上海交通大学党委教师工作部 主编 | |
| 分册: | ||
| 出版信息: | 上海 上海交通大学出版社 2021.05 |
|
| 页数: | 193页, [2] 页图版 | |
| 开本: | 24cm | |
| 丛书名: | ||
| 单 册: | ||
| 中图分类: | K825.46 | |
| 科图分类: | ||
| 主题词: | ||
| 电子资源: | ||
| ISBN: | 978-7-313-24938-8 | |
| 000 | 01768nam0 2200277 450 | |
| 001 | CAL 0120217201023 | |
| 005 | 20210714151026.5 | |
| 010 | @a978-7-313-24938-8@dCNY68.00 | |
| 092 | @aCN@bRt983-1765 | |
| 100 | @a20210713d2021 em y0chiy0120 ea | |
| 101 | 0 | @achi |
| 102 | @aCN@b310000 | |
| 105 | @aaf z 000yy | |
| 106 | @ar | |
| 200 | 1 | @a新时代交大名师@Axin shi dai jiao da ming shi@e2020年上海交通大学“教书育人奖”事迹汇编@f上海交通大学党委教师工作部主编 |
| 210 | @a上海@c上海交通大学出版社@d2021.05 | |
| 215 | @a193页, [2] 页图版@c图@d24cm | |
| 330 | @a本书为上海交通大学党委教师工作部组织汇编。本书由获得上海交通大学2020年“教书育人奖”个人一、二等奖和集体奖一、二等奖获奖个人及团队先进事迹共35篇文章汇编而成。为全面贯彻党的教育方针, 推进落实全国高校思想政治工作会议精神, 深入推进“学在交大”, 增强广大教师“立德树人、教书育人”的荣誉感和责任感, 2017年起, 上海交通大学启动了首届“教书育人奖”的评选工作, 每年一届, 2020年为第四届。为充分展示获奖个人及团队的先进事迹, 上海交通大学主页推出了“交大名师”专栏, 对获奖教师的事迹进行展示, 本书将其汇编, 旨在充分发挥获奖教师或团队引领示范作用, 激励广大教师心有大我、至诚报国, 教书育人、敢为人先, 淡泊名利、甘于奉献, 进一步坚持“价值引领、知识探究、能力建设、人格养成”四位一体的人才培养理念, 全面加快中国特色世界一流大学建设。 | |
| 517 | 1 | @a2020年上海交通大学“教书育人奖”事迹汇编@A2020 nian shang hai jiao tong da xue “ jiao shu yu ren jiang ” shi ji hui bian |
| 601 | 02 | @a上海交通大学@Ashang hai jiao tong da xue@x优秀教师@x先进事迹@z2020 |
| 690 | @aK825.46@v5 | |
| 711 | 02 | @a上海交通大学党委教师工作部@Ashang hai jiao tong da xue dang wei jiao shi gong zuo bu@4主编 |
| 801 | 0 | @aCN@b人天书店@c20210713 |
| 901 | @a上海交通大学出版社 | |
| 905 | @aTSG@b0001911@dK825.46@eS216@f2 | |
| 997 | @a期货 | |
| 新时代交大名师:2020年上海交通大学“教书育人奖”事迹汇编/上海交通大学党委教师工作部主编.-上海:上海交通大学出版社,2021.05 |
| 193页, [2] 页图版:图;24cm |
| ISBN 978-7-313-24938-8:CNY68.00 |
| 本书为上海交通大学党委教师工作部组织汇编。本书由获得上海交通大学2020年“教书育人奖”个人一、二等奖和集体奖一、二等奖获奖个人及团队先进事迹共35篇文章汇编而成。为全面贯彻党的教育方针, 推进落实全国高校思想政治工作会议精神, 深入推进“学在交大”, 增强广大教师“立德树人、教书育人”的荣誉感和责任感, 2017年起, 上海交通大学启动了首届“教书育人奖”的评选工作, 每年一届, 2020年为第四届。为充分展示获奖个人及团队的先进事迹, 上海交通大学主页推出了“交大名师”专栏, 对获奖教师的事迹进行展示, 本书将其汇编, 旨在充分发挥获奖教师或团队引领示范作用, 激励广大教师心有大我、至诚报国, 教书育人、敢为人先, 淡泊名利、甘于奉献, 进一步坚持“价值引领、知识探究、能力建设、人格养成”四位一体的人才培养理念, 全面加快中国特色世界一流大学建设。 |
| ● |
| 相关链接 |
|
|
|
正题名:新时代交大名师
索取号:K825.46/S216
 
预约/预借
| 序号 | 登录号 | 条形码 | 馆藏地/架位号 | 状态 | 备注 |
| 1 | 1539121 | 215391216 | 社科库309/309社科库 50排5列3层/ [索取号:K825.46/S216] | 在馆 | |
| 2 | 1539122 | 215391225 | 社科库309/309社科库 50排5列3层/ [索取号:K825.46/S216] | 在馆 |